Kategorizácia peňažných pohľadávok, dlhových cenných papierov a niektorých záväzkov v bankách podľa rizík v nich obsiahnutých
Guardado en:
| Autor principal: | |
|---|---|
| Formato: | Capítulo de libro |
| Lenguaje: | eslovaco |
| Etiquetas: |
Sin Etiquetas, Sea el primero en etiquetar este registro!
|
MARC
| LEADER | 00000naa$a2200000$$$4500 | ||
|---|---|---|---|
| 001 | 0118492 | ||
| 005 | 20240502083309.9 | ||
| 041 | 0 | |a slo | |
| 044 | |a CZ | ||
| 245 | 1 | 0 | |a Kategorizácia peňažných pohľadávok, dlhových cenných papierov a niektorých záväzkov v bankách podľa rizík v nich obsiahnutých |c Oľga Kadlečíková |
| 100 | 1 | |a Kadlečíková, Oľga, 1973- | |